Statistics for Satisfied HAMILTON lyrics

Click here to take the quiz!

General Stats

  • This quiz has been taken 5,660 times
    (5,631 since last reset)
  • The average score is 91 of 105

Answer Stats

LyricsMissing word% Correct
__ your unionto
100%
May you ____ | May you ______…always
99%
_____ Schuyler!Angelica
99%
__ satisfiedbe
99%
His _____ And I know | Now that’s his ____ | To the ____!bride
99%
Now everyone give it up for the ____ of honormaid
99%
I remember that ____, I just mightnight
99%
Who is always by your _____side
99%
From your _____sister
99%
Alright, alright. That’s what I’m _____’ about!talkin
99%
A ____ to the groom!toast
99%
So so __—so
98%
To your _____union
97%
But Alexander, I’ll never _____ the firstforget
96%
And the hope that ___ provideyou
96%
I have never ____ satisfiedbeen
95%
Alexander ______hamilton
95%
You’re ____ me. I’m never satisfiedlike
95%
And when you ____ “Hi,” I forgot my dang namesaid
95%
Is ____ right?that
95%
_____ I saw your facetime
95%
Just you ____, just you wait…wait
95%
I’m sure I don’t know what you ___. You forget yourselfmean
94%
Unimportant. There’s a ____ things I haven’t done butmillion
94%
And the hope that you _____provide
94%
The conversation lasted ____ minutes, maybe three minutestwo
94%
Where’s ____ fam’ly from?your
94%
_____ will never be satisfiedhe
93%
My name is Angelica ____schuyler
93%
You strike me as a ____ who has never been satisfiedwoman
93%
This is not a ____…game
92%
To the ___!groom
92%
Tripping over themselves to win our ____praise
92%
I have never been the ____same
92%
Then I turn and ____ my sister’s face and she is…see
92%
______…And her eyes are just…helpless
91%
And I _______ | Helpless…And I ____ she is…know
91%
Number ____!one
91%
My only job is to marry ____rich
91%
Handsome, ___, does he know it!boy
90%
I’m about to ____ your lifechange
90%
Maybe that is why I introduce him to _____eliza
90%
My ___ has no sons so I’m the onefather
90%
I wanna take him far away from this ____place
90%
I remember those _____ boyssoldier
90%
Then by ____ means, lead the wayall
89%
It’s Ben _____ with a key and a kite! You see it, right?franklin
89%
Where are you _____ me?taking
89%
Set my heart aflame, ____ part aflameev'ry
88%
You will ___ be satisfiednever
88%
I’ll leave you to it. Number _____!three
88%
I asked about his fam’ly, did you see his _____?answer
87%
A dream and it’s a ___ of a dancebit
87%
Peach ___, and he can’t even grow it!fuzz
87%
Who has to ____ climb for onesocial
87%
Ev’rything we said in ____ agreement, it’stotal
87%
I know my sister like I know my own _____mind
86%
____ that night for the rest of my daysregret
86%
She would say, “I’m ____”fine
85%
Bit of a _____, but I’m ‘a give it a chanceflirt
85%
Like a dream that you can’t _____ placequite
85%
Ha! That doesn’t mean I ____ him any lesswant
85%
I’m a girl in a ____ in whichworld
85%
She’d be ____lying
84%
He’d be ____mine
84%
And Alexander is _____penniless
84%
Nice going, Angelica, he was _____right
84%
It’s _____’s eyesalexander
83%
You will never find anyone as ____ or as kindtrusting
83%
So I’m the oldest and the _____ and the gossip inwittiest
83%
With someone at your ____! What the hell is the catch?level
82%
Schuyler? My sister. _____ two!number
82%
He’s after me ___ I’m a Schuyler sistercuz
81%
At least I keep his ____ in my life…eyes
81%
He’s penniless, he’s ____ by the seat of his pantsflying
81%
Helpless…And I _____realize
81%
Thank you for all your _____service
81%
At least my dear Eliza’s his _____;wife
81%
_____ Schuyler. It’s a pleasure to meet youelizabeth
80%
It’s The feeling of _____, of seein’ the lightfreedom
80%
Who __ always by your sideis
80%
Be _______satisfied
79%
____ your sisterfrom
78%
Have to be ___ to set that asidenaive
78%
I ______ never be satisfiedwill
78%
Up so _____quickly
77%
If it takes ____ a war for us to meet, it will have been worth itfighting
75%
If I tell her that I love him she’d be _____ resignedsilently
75%
Intelligent eyes in a hunger-____ framepang
74%
Have been if I _____ sized himhadn't
73%
So this is what it feels like to match ___wits
73%
That ___ his status, I’delevates
72%
But when I ____ at nightfantasize
72%
A bit of a _____, it’s a bit of a stance. He’s aposture
71%
New York City is ______insidious
70%
______ be happy asshe'll
68%
I remember that _____ candlelightdreamlike
64%
His hands started fidgeting, he looked ______?askance
56%
As I _____ what mightromanticize
56%
Three _____ truths at the exact same time…fundemental
49%

Score Distribution

Percentile by Number Answered

Percent of People with Each Score

Your Score History

You have not taken this quiz since the last reset